載入...
Thullal /
| 主要作者: | |
|---|---|
| 格式: | Printed Book |
| 語言: | English |
| 出版: |
Madras :
Higginbothams,
1982.
|
| LEADER | 00429nam a2200133Ia 4500 | ||
|---|---|---|---|
| 008 | 150624b xxu||||| |||| 00| 0 eng d | ||
| 082 | |a 851.62 | ||
| 100 | |a Sharma, V. S. | ||
| 245 | |a Thullal / |c V. S. Sharma | ||
| 260 | |a Madras : |b Higginbothams, |c 1982. | ||
| 300 | |a 129 p. | ||
| 942 | |c BK | ||
| 999 | |c 34894 |d 34894 | ||
| 952 | |0 0 |1 0 |4 0 |6 851_620000000000000_SHA_T |7 0 |9 34893 |a UL |b UL |c ST2 |d 1998-09-01 |l 0 |o 851.62 SHA/T |p 48778 |r 2012-10-27 |w 2012-10-27 |y BK | ||